Hedge funds diplomová práca

Salvato in:
Dettagli Bibliografici
Autore principale: Baranová, Veronika
Ente Autore: Ekonomická univerzita v Bratislave. Ústav medzinárodných programov
Altri autori: Kmeťko, Miroslav, 1969-
Natura: Libro
Lingua:inglese
Pubblicazione: Bratislava 2011
Tags: Aggiungi Tag
Nessun Tag, puoi essere il primo ad aggiungerne!!

MARC

LEADER 00000nam a2200000 4500
001 0149724
005 20240318114401.1
041 0 |a eng 
044 |a SK 
245 1 0 |a Hedge funds  |b diplomová práca  |c Veronika Baranová ; školiteľ: Miroslav Kmeťko 
264 1 |a Bratislava  |c 2011 
300 |a 53 s. 
100 1 |a Baranová, Veronika 
700 1 |a Kmeťko, Miroslav, 1969- 
710 2 |a Ekonomická univerzita v Bratislave. Ústav medzinárodných programov